LEADER 01107nam a2200241 i 4500 001 000000168466 003 CaOOAMICUS 005 20080116000000.0 008 080116s2004 it u000 u ita u 013 $a145868 040 $aSeMil$bita 100 1 $aLeondi, Sergio.$0(OLS)http://semarc/name/50717 245 13$aLa Casa detta il Palazzo :$bstorie di uomini e di antichi mattoni: il Palazzo Mora a Pantigliate /$cSergio Leondi. 260 $aPantigliate :$bComune di Pantigliate,$ccopyr. 2004. 300 $a80 p. ;$c25 cm. 500 $aContiene : Bibliografia essenziale. - Dono del Card. Dionigi Tettamanzi. 650 4$aPantigliate - Palazzo Mora - Storia.$0(OLS)http://semarc/subject/32128 850 $aSeMil 852 $aSeMil$W1$xVenegono$y1$m3P I 49$j119531$B119531$CSeMilBibl$Z2$F133230 $81 941 1 $a5 961 $aOmaggio: Tettamanzi Card. Dionigi 996 $6245$aLa Casa detta il Palazzo :$bstorie di uomini e di antichi mattoni: il Palazzo Mora a Pantigliate$9(OLS)http://semarc/title/241014 996 $6260$aPantigliate :$bComune di Pantigliate$9(OLS)http://semarc/publisher/48757 LEADER 01393nam a2200313 4500 001 000000344155 003 CaOOAMICUS 005 20210210103811.0 008 210204s2008 it a 000 u ita r 020 $a978-88-06-19306-5 040 $aSeMil$bita 100 1 $aYehoshua, Abraham,$d<1936-2022>.$0(OLS)http://semarc/name/31564 240 10$aMassa' el Tom HaElef.$0(OLS)http://semarc/title/433232 245 10$aViaggio alla fine del millennio : $blibretto d'opera /$cAbraham B. Yehoshua ; traduzione di Alessandra Shomroni. 264 1$aTorino :$bGiulio Einaudi,$c2008. 300 $a52 p. :$bill. ;$c18 cm 490 1 $aCollezione di teatro ;$v414 541 0 $aFondo mons. Pasquale Macchi (1V I 461) 650 4$aLibretti d'opera - sec. XX.$0(OLS)http://semarc/subject/49952 700 1 $aShomroni, Alessandra.$0(OLS)http://semarc/name/62098 830 0$aCollezione di teatro ;$v414.$0(OLS)http://semarc/title/6906 850 $aSeMil 852 $aSeMil$W1$xVenegono$y1$m1V I 461$j224028$B235185$CSeMilBibl$Z2$F235185 $81 941 1 $a8 961 $aFondo mons. Pasquale Macchi 996 $6020$a978-88-06-19306-5$9(OLS)http://semarc/number/292293 996 $6245$aViaggio alla fine del millennio : $blibretto d'opera$9(OLS)http://semarc/title/433233 996 $6264$aTorino :$bGiulio Einaudi$9(OLS)http://semarc/publisher/29810